000
00280nam a2200109Ia 4500
008
200302s9999 xx 000 0 und d
100
_a
Yokio Fatagawa
245
_a
GA Contemporary Architecture School
260
_b
A.D.A. Edita Tokyo Co., Ltd.,
260
_c
2010
300
_a
255 P.,
999
_c
2978
_d
2978